One Piece - Tous les Meitos - Statistiques

Statistiques générales
  • Ce quiz a été pris 46 fois
  • Le résultat moyen est 9 sur 15
Statistiques - réponses
Grade Nom Propriétaire % Correct
Ô Wazamono Enma Shimotsuki Kozaburo - Kozuki Oden - Kozuki Hiyori - Roronoa Zoro
93%
Ryo Wazamono Sandai Kitetsu Kozuki Sukiyaki - Ipponmatsu - Roronoa Zoro
86%
Ô Wazamono Shusui Shimotsuki Ryuma - Roronoa Zoro - Wano Kuni
86%
Ô Wazamono Wadô Ichimonji Shimotsuki Kozaburo - Shimotsuki Kuina - Roronoa Zoro
75%
Saijo Ô Wazamono Ace Gol D. Roger
68%
Ô Wazamono Nidai Kitetsu Kotetsu - Kozuki Sukiyaki
68%
Ryo Wazamono Yubashiri Ipponmatsu - Roronoa Zoro - Détruit
61%
Saijo Ô Wazamono Kokuto Yoru Dracule Mihawk
57%
Saijo Ô Wazamono Shodai Kitetsu Kitetsu - Saint Ethanbaron V. Nusjuro (?)
57%
Ô Wazamono Ame no Habakiri Kozuki Sukiyaki - Kozuki Oden - Kozuki Momonosuke
50%
Saijo Ô Wazamono Murakumogiri Edward Newgate
50%
Ryo Wazamono Shigure Tashigi
50%
Ryo Wazamono Kashu Mr. 11 - Tashigi
32%
Saijo Ô Wazamono Yakuza Kasen Fugetsu Kisaburo - Issho "Fujitora"
32%
Ryo Wazamono Yamaoroshi Billy - Tashigi
29%
Aucun quiz correspondant
Distribution des résultats
% des personnes avec chaque résultat
Percentile par nombre de réponses
Votre historique - résultats
Vous n’avez pas pris ce quiz